Fundamentals of Rock Mechanics (Record no. 60786)
[ view plain ]
| 000 -LEADER | |
|---|---|
| fixed length control field | 00491nam a22001937a 4500 |
| 005 - DATE & TIME | |
| control field | 20260513131004.0 |
| 008 - FIXED-LENGTH DATA ELEMENTS--GENERAL INFORMATION | |
| fixed length control field | 260513b |||||||| |||| 00| 0 eng d |
| 020 ## - ISBN | |
| International Standard Book Number | 9788126534562 |
| Price | 1295.00 |
| 040 ## - CATALOGING SOURCE | |
| Original cataloging agency | Doon University |
| 041 ## - Language | |
| Language | English |
| 082 ## - DDC NUMBER | |
| Classification number | 624.1517 |
| Book Number | JAE |
| 100 ## - MAIN ENTRY--PERSONAL NAME | |
| Personal name | Jaeger, J.C. |
| 245 ## - TITLE STATEMENT | |
| Title | Fundamentals of Rock Mechanics |
| 260 ## - PUBLICATION, DISTRIBUTION, ETC. (IMPRINT) | |
| Place of publication, distribution, etc | New Delhi |
| Name of publisher, distributor, etc | Wiley |
| Date of publication, distribution, etc | 2018 |
| 300 ## - PHYSICAL DESCRIPTION | |
| Pages | 475 |
| 650 ## - Subject | |
| Subject | Geology (PM USHA) |
| 700 ## - Added Entry Personal Name | |
| Added Entry Personal Name | Cook, N. G. W |
| 942 ## - ADDED ENTRY ELEMENTS (KOHA) | |
| Koha item type | Books |
| 100 ## - MAIN ENTRY--PERSONAL NAME | |
| -- | 26815 |
| 650 ## - Subject | |
| -- | 26712 |
| 700 ## - Added Entry Personal Name | |
| -- | 26816 |
| 952 ## - LOCATION AND ITEM INFORMATION (KOHA) | |
| -- | 2026-05-13 |
| 952 ## - LOCATION AND ITEM INFORMATION (KOHA) | |
| -- | 2026-05-13 |
| 952 ## - LOCATION AND ITEM INFORMATION (KOHA) | |
| -- | 2026-05-13 |
| Withdrawn status | Lost status | Source of classification or shelving scheme | Damaged status | Not for loan | Location (home branch) | Sublocation or collection (holding branch) | Date acquired | Koha full call number | Accession No. | Koha date last seen | Koha item type | Koha issues (times borrowed) |
|---|---|---|---|---|---|---|---|---|---|---|---|---|
| Not For Loan | Doon University | Doon University | 13.05.2026 | 624.1517 JAE | 33022 | 13.05.2026 | Reference | |||||
| Doon University | Doon University | 13.05.2026 | 624.1517 JAE | 33023 | 13.05.2026 | Books | ||||||
| Doon University | Doon University | 13.05.2026 | 624.1517 JAE | 33024 | 13.05.2026 | Books |